Tutti gli Stati che hanno controllato Nizza - Statistics

Statistiche generali
  • Questo quiz è stato fatto 16 volte
    11 dall'ultimo reset
  • Il punteggio medio è 25 su 43
Statistiche sulle risposte
con Immagini Hint Risposta % Corretto
27 a.C. - 260 Impero Romano
89%
269 - 395 Impero Romano
78%
395 - 476 Impero Romano d'Occidente
78%
1958 - Oggi Quinta Repubblica Francese
78%
49 a.C. - 27 a.C. Repubblica Romana
78%
1944 - 1945 Alleati (Francia Libera, USA, UK, Canada)
67%
(1554 - 1648) / 1648 - 1691 Ducato di Savoia
67%
1697 - 1705 Ducato di Savoia
67%
1705 - 1792 Ducato di Savoia
67%
1814 - 1815 Ducato di Savoia
67%
553 - 641 Impero Bizantino
67%
1792 - 1804 Prima Repubblica Francese
67%
1804 - 1814 Primo Impero Francese
67%
1815 - 1860 Regno di Sardegna
67%
1942 - 1943 Regno d'Italia
67%
1940 - 1942 Repubblica di Vichy
67%
1860 - 1870 Secondo Impero Francese
67%
1918 - 1940 Terza Repubblica Francese
67%
1943 - 1944 Terzo Reich
67%
(1388 - 1416) Contea della Savoia
56%
800 - 813 Impero Carolingio
56%
813 - 843 Impero Carolingio
56%
1946 - 1958 Quarta Repubblica Francese
56%
788 - 800 Regno dei Franchi
56%
1691 - 1697 Regno di Francia e di Navarra
56%
1705 Regno di Francia e di Navarra
56%
476 - 488 Regno di Odoacre
56%
641 - 788 Regno Longobardo
56%
843 - 855 Regno Lotaringio di Francia Media
56%
488 - 553 Regno Ostrogoto
56%
961 - 1554 / 1554 - 1648 Sacro Romano Impero
56%
859 Califfato Abbasside
44%
880 Califfato Abbasside
44%
(1250 - 1388) Contea della Provenza
44%
(1416 - 1554) Ducato di Savoia
44%
855 - 859 Regno Franco d'Italia
44%
859 - 880 Regno Franco d'Italia
44%
880 - 961 Regno Franco d'Italia
44%
813 Califfato Abbasside
33%
1945 - 1946 Governo provvisorio della Repubblica Francese
33%
260 - 269 Impero delle Gallie
33%
350 a.C. - 49 a.C. Polis di Massalia
22%
1554 Regno di Francia e Navarra / Impero Ottomano
22%
Nessun quiz corrispondente trovato
Distribuzione punteggi
Percentuale di utenti per punteggio
Percentile per numero di risposta
I tuoi punteggi nel tempo
Non hai fatto questo quiz dall'ultimo reset